<?xml version="1.0" encoding="UTF-8"?>
<record
    xmlns:xsi="http://www.w3.org/2001/XMLSchema-instance"
    xsi:schemaLocation="http://www.loc.gov/MARC21/slim http://www.loc.gov/standards/marcxml/schema/MARC21slim.xsd"
    xmlns="http://www.loc.gov/MARC21/slim">

  <leader>00455nam a2200169Ia 4500</leader>
  <controlfield tag="003">SGT</controlfield>
  <datafield tag="020" ind1=" " ind2=" ">
    <subfield code="a">9788131732458</subfield>
  </datafield>
  <datafield tag="082" ind1=" " ind2=" ">
    <subfield code="a">4.22</subfield>
    <subfield code="b">STA</subfield>
  </datafield>
  <datafield tag="100" ind1=" " ind2=" ">
    <subfield code="a">Stallings,William</subfield>
  </datafield>
  <datafield tag="245" ind1=" " ind2=" ">
    <subfield code="a">Computer organization and architecture</subfield>
  </datafield>
  <datafield tag="250" ind1=" " ind2=" ">
    <subfield code="a">8th Ed.</subfield>
  </datafield>
  <datafield tag="260" ind1=" " ind2=" ">
    <subfield code="b">Pearson</subfield>
    <subfield code="a">N.Delhi</subfield>
    <subfield code="c">2010</subfield>
  </datafield>
  <datafield tag="300" ind1=" " ind2=" ">
    <subfield code="a">792p.</subfield>
  </datafield>
  <datafield tag="650" ind1=" " ind2=" ">
    <subfield code="a">COMPUTER SCIENCE</subfield>
  </datafield>
  <datafield tag="653" ind1=" " ind2=" ">
    <subfield code="a">COMPUTER EVOLUTION AND PERFORMANCE,INTERNAL MEMORY TECHNOLOGY176 INPUT /OUTPUT</subfield>
  </datafield>
  <datafield tag="942" ind1=" " ind2=" ">
    <subfield code="2">ddc</subfield>
    <subfield code="c">BK</subfield>
    <subfield code="0">12</subfield>
  </datafield>
  <datafield tag="952" ind1=" " ind2=" ">
    <subfield code="0">0</subfield>
    <subfield code="1">0</subfield>
    <subfield code="2">ddc</subfield>
    <subfield code="4">0</subfield>
    <subfield code="5">1</subfield>
    <subfield code="7">1</subfield>
    <subfield code="8">ENGG</subfield>
    <subfield code="a">FE</subfield>
    <subfield code="b">FE</subfield>
    <subfield code="c">REF</subfield>
    <subfield code="d">2011-06-24</subfield>
    <subfield code="i">SGTU</subfield>
    <subfield code="o">4.22 STA</subfield>
    <subfield code="p">FE3132</subfield>
    <subfield code="r">2015-02-09 00:00:00</subfield>
    <subfield code="w">2015-02-09</subfield>
    <subfield code="y">BK</subfield>
  </datafield>
  <datafield tag="952" ind1=" " ind2=" ">
    <subfield code="0">0</subfield>
    <subfield code="1">0</subfield>
    <subfield code="2">ddc</subfield>
    <subfield code="4">0</subfield>
    <subfield code="7">0</subfield>
    <subfield code="a">FE</subfield>
    <subfield code="b">FE</subfield>
    <subfield code="d">2011-06-24</subfield>
    <subfield code="i">SGTU</subfield>
    <subfield code="l">6</subfield>
    <subfield code="m">6</subfield>
    <subfield code="o">4.22 STA</subfield>
    <subfield code="p">FE3133</subfield>
    <subfield code="r">2025-01-20 00:00:00</subfield>
    <subfield code="s">2024-12-30</subfield>
    <subfield code="w">2015-02-09</subfield>
    <subfield code="y">BK</subfield>
  </datafield>
  <datafield tag="952" ind1=" " ind2=" ">
    <subfield code="0">0</subfield>
    <subfield code="1">0</subfield>
    <subfield code="2">ddc</subfield>
    <subfield code="4">0</subfield>
    <subfield code="7">0</subfield>
    <subfield code="a">FE</subfield>
    <subfield code="b">FE</subfield>
    <subfield code="d">2011-06-24</subfield>
    <subfield code="i">SGTU</subfield>
    <subfield code="l">12</subfield>
    <subfield code="m">5</subfield>
    <subfield code="o">4.22 STA</subfield>
    <subfield code="p">FE3134</subfield>
    <subfield code="r">2024-12-30 00:00:00</subfield>
    <subfield code="s">2024-12-30</subfield>
    <subfield code="w">2015-02-09</subfield>
    <subfield code="y">BK</subfield>
  </datafield>
  <datafield tag="952" ind1=" " ind2=" ">
    <subfield code="0">0</subfield>
    <subfield code="1">0</subfield>
    <subfield code="2">ddc</subfield>
    <subfield code="4">0</subfield>
    <subfield code="7">0</subfield>
    <subfield code="a">FE</subfield>
    <subfield code="b">FE</subfield>
    <subfield code="d">2011-06-24</subfield>
    <subfield code="i">SGTU</subfield>
    <subfield code="l">12</subfield>
    <subfield code="m">5</subfield>
    <subfield code="o">4.22 STA</subfield>
    <subfield code="p">FE3135</subfield>
    <subfield code="r">2025-01-13 00:00:00</subfield>
    <subfield code="s">2024-12-30</subfield>
    <subfield code="w">2015-02-09</subfield>
    <subfield code="y">BK</subfield>
  </datafield>
  <datafield tag="952" ind1=" " ind2=" ">
    <subfield code="0">0</subfield>
    <subfield code="1">0</subfield>
    <subfield code="2">ddc</subfield>
    <subfield code="4">0</subfield>
    <subfield code="7">0</subfield>
    <subfield code="a">FE</subfield>
    <subfield code="b">FE</subfield>
    <subfield code="d">2011-06-24</subfield>
    <subfield code="i">SGTU</subfield>
    <subfield code="l">9</subfield>
    <subfield code="m">6</subfield>
    <subfield code="o">4.22 STA</subfield>
    <subfield code="p">FE3136</subfield>
    <subfield code="r">2024-04-12 00:00:00</subfield>
    <subfield code="s">2024-04-12</subfield>
    <subfield code="w">2015-02-09</subfield>
    <subfield code="y">BK</subfield>
  </datafield>
  <datafield tag="999" ind1=" " ind2=" ">
    <subfield code="c">5187</subfield>
    <subfield code="d">5187</subfield>
  </datafield>
</record>
